[Event "POL-chT 2nd League"]
[Site "Wysowa"]
[Date "2005.09.04"]
[Round "9.86"]
[White "Malecki, Rafal"]
[Black "Fabrowski, Janusz"]
[Result "1-0"]
[WhiteElo "2175"]
[BlackElo "2124"]
[PlyCount "100"]
[EventDate "2005.08.27"]
[EventType "team-swiss"]
[EventRounds "9"]
[EventCountry "POL"]
[SourceTitle "EXT 2019"]
[Source "ChessBase"]
[SourceDate "2018.10.10"]
[SourceVersion "1"]
[SourceVersionDate "2018.10.10"]
[SourceQuality "1"]
[WhiteTeam "Chroscice LZS Victoria"]
[BlackTeam "Kielce Fart"]
[WhiteTeamCountry "POL"]
[BlackTeamCountry "POL"]

1. e4 c5 2. Nf3 e6 3. d4 cxd4 4. Nxd4 a6 5. Bd3 Nf6 6. 0-0 d6 7. Nc3 g6 8. a4 Bg7 9. Kh1 0-0 10. f4 Nbd7 11. Nb3 b6 12. Qe2 Bb7 13. Be3 Qc7 14. Bg1 Rfe8 15. Rad1 e5 16. f5 d5 17. Rde1 d4 18. Nb1 Nh5 19. g3 Ndf6 20. N3d2 Qd7 21. fxg6 hxg6 22. b3 Bf8 23. Qf3 Bb4 24. Re2 b5 25. axb5 axb5 26. Ref2 Kg7 27. Qe2 Bc6 28. Nf3 Qh3 29. Rg2 Ra1 30. Ng5 Qd7 31. Rgf2 Rh8 32. Kg2 Qb7 33. g4 Rxb1 34. Rxb1 Nf4+ 35. Rxf4 exf4 36. Bxd4 Qd7 37. c3 Rd8 38. Rd1 Be7 39. Qf3 Kg8 40. h3 Nxg4 41. Nxf7 Kxf7 42. hxg4 g5 43. Qh3 Qe6 44. Qh7+ Ke8 45. Qh5+ Kd7 46. Bb6 Kc8 47. Bxd8 Bxe4+ 48. Kf1 Bxd3+ 49. Rxd3 Bxd8 50. Qh8 Qe7 1-0

[Event "POL-chT 2nd League"]
[Site "Polanica Zdroj"]
[Date "2004.09.11"]
[Round "10.99"]
[White "Fabrowski, Janusz"]
[Black "Swiatnicki, Andrzej"]
[Result "0-1"]
[WhiteElo "2160"]
[BlackElo "2151"]
[PlyCount "62"]
[EventDate "2004.09.04"]
[EventType "team-swiss"]
[EventRounds "11"]
[EventCountry "POL"]
[SourceTitle "EXT 2019"]
[Source "ChessBase"]
[SourceDate "2018.10.10"]
[SourceVersion "1"]
[SourceVersionDate "2018.10.10"]
[SourceQuality "1"]
[WhiteTeam "Kielce Fart"]
[BlackTeam "Konin Hetman"]
[WhiteTeamCountry "POL"]
[BlackTeamCountry "POL"]

1. e4 e5 2. Nf3 Nc6 3. Bb5 f5 4. d4 fxe4 5. Nxe5 Nxe5 6. dxe5 c6 7. Nc3 cxb5 8. Nxe4 d5 9. exd6 Nf6 10. Bg5 Qa5+ 11. Bd2 b4 12. Nxf6+ gxf6 13. Bf4 Bd7 14. 0-0 0-0-0 15. Qd4 Bc6 16. Rad1 Rg8 17. f3 Qb6 18. Qxb6 axb6 19. Rd4 b5 20. Re1 Kd7 21. Rxb4 Bxf3 22. g3 Bc6 23. Rd4 Re8 24. Rxe8 Kxe8 25. c4 bxc4 26. Rxc4 Kd7 27. a4 Ke6 28. d7 Bxd7 29. Rc7 b6 30. Be3 Bd6 31. Rc4 Bc5 0-1

[Event "POL-chT 2nd League"]
[Site "Polanica Zdroj"]
[Date "2004.09.09"]
[Round "7"]
[White "Fabrowski, Janusz"]
[Black "Sliwerski, Radoslaw"]
[Result "1-0"]
[WhiteElo "2160"]
[BlackElo "2161"]
[PlyCount "71"]
[EventDate "2004.09.04"]
[EventType "team-swiss"]
[EventRounds "11"]
[EventCountry "POL"]
[SourceTitle "CBM 102 Extra"]
[Source "ChessBase"]
[SourceDate "2004.11.03"]
[SourceVersion "1"]
[SourceVersionDate "2004.11.03"]
[SourceQuality "1"]
[WhiteTeam "Kielce Fart"]
[BlackTeam "Miedzyborow Wrzos"]
[WhiteTeamCountry "POL"]
[BlackTeamCountry "POL"]

1. e4 d6 2. d4 Nf6 3. Nc3 g6 4. Bg5 Bg7 5. Qd2 c6 6. f4 0-0 7. Nf3 b5 8. Bd3 a6 9. 0-0 Bg4 10. e5 Bxf3 11. Rxf3 dxe5 12. dxe5 b4 13. exf6 bxc3 14. Qxc3 exf6 15. Bh4 f5 16. Qxg7+ Kxg7 17. Bxd8 Rxd8 18. Re1 Nd7 19. Re7 Kf6 20. Rfe3 Nc5 21. Rc7 Rac8 22. Rxc8 Rxc8 23. b4 Nxd3 24. Rxd3 c5 25. Rc3 Ke6 26. Kf2 Kd5 27. Rxc5+ Rxc5 28. bxc5 Kxc5 29. Ke3 Kc4 30. Kd2 f6 31. c3 g5 32. g3 g4 33. Kc2 h6 34. Kd2 a5 35. Kc2 a4 36. Kd2 1-0

[Event "POL-chT 2nd League"]
[Site "Polanica Zdroj"]
[Date "2004.09.06"]
[Round "3"]
[White "Zolnierowicz, Krzysztof"]
[Black "Fabrowski, Janusz"]
[Result "1-0"]
[WhiteElo "2264"]
[BlackElo "2160"]
[PlyCount "52"]
[EventDate "2004.09.04"]
[EventType "team-swiss"]
[EventRounds "11"]
[EventCountry "POL"]
[SourceTitle "CBM 102 Extra"]
[Source "ChessBase"]
[SourceDate "2004.11.03"]
[SourceVersion "1"]
[SourceVersionDate "2004.11.03"]
[SourceQuality "1"]
[WhiteTeam "Swiecie Gambit"]
[BlackTeam "Kielce Fart"]
[WhiteTeamCountry "POL"]
[BlackTeamCountry "POL"]

1. e4 c5 2. Nf3 Nc6 3. Bb5 e6 4. 0-0 Nge7 5. c3 a6 6. Ba4 b5 7. Bc2 Ng6 8. d4 cxd4 9. cxd4 d6 10. d5 Nce5 11. dxe6 fxe6 12. Nd4 Be7 13. f4 Nc4 14. b3 Na5 15. f5 exf5 16. exf5 Ne5 17. Qh5+ Kd7 18. Be3 Bf6 19. Nd2 Qe8 20. Qe2 Ng4 21. Ne4 Nxe3 22. Qxe3 Bb7 23. Nxf6+ gxf6 24. Ne6 Rg8 25. Rf2 Rc8 26. g3 Nc6 1-0

[Event "POL-chT 2nd League"]
[Site "Wysowa"]
[Date "2003.09.13"]
[Round "10"]
[White "Fabrowski, Janusz"]
[Black "Murawski, Wieslaw"]
[Result "1-0"]
[WhiteElo "2178"]
[BlackElo "1876"]
[PlyCount "61"]
[EventDate "2003.09.06"]
[EventType "team-swiss"]
[EventRounds "11"]
[EventCountry "POL"]
[SourceTitle "CBM 096 Extra"]
[Source "ChessBase"]
[SourceDate "2003.10.22"]
[SourceVersion "2"]
[SourceVersionDate "2003.10.20"]
[SourceQuality "1"]
[WhiteTeam "Kielce Fart"]
[BlackTeam "Pruszcz Jantar II"]
[WhiteTeamCountry "POL"]
[BlackTeamCountry "POL"]

1. e4 e5 2. Nf3 Nc6 3. Bb5 a6 4. Ba4 Nf6 5. d3 b5 6. Bb3 Be7 7. a4 Bb7 8. Nc3 b4 9. Nd5 Nxd5 10. Bxd5 d6 11. a5 Rb8 12. Be3 Qd7 13. Qd2 0-0 14. 0-0 Bf6 15. Bb3 Nd4 16. Nxd4 exd4 17. Bg5 Bxg5 18. Qxg5 h6 19. Qh5 Kh7 20. f4 f5 21. Rae1 Rbe8 22. exf5 Rxe1 23. Qg6+ Kh8 24. Rxe1 Qxf5 25. Qxf5 Rxf5 26. Re8+ Kh7 27. Re7 Bd5 28. g4 Bxb3 29. gxf5 Bxc2 30. f6 Kh8 31. f7 1-0

[Event "POL-chT 2nd League"]
[Site "Wysowa"]
[Date "2003.09.08"]
[Round "4"]
[White "Fabrowski, Janusz"]
[Black "Krzywda, Andrzej"]
[Result "0-1"]
[WhiteElo "2178"]
[BlackElo "2127"]
[PlyCount "97"]
[EventDate "2003.09.06"]
[EventType "team-swiss"]
[EventRounds "11"]
[EventCountry "POL"]
[SourceTitle "CBM 096 Extra"]
[Source "ChessBase"]
[SourceDate "2003.10.22"]
[SourceVersion "2"]
[SourceVersionDate "2003.10.20"]
[SourceQuality "1"]
[WhiteTeam "Kielce Fart"]
[BlackTeam "Chroscice Victoria"]
[WhiteTeamCountry "POL"]
[BlackTeamCountry "POL"]

1. e4 c5 2. Nf3 Nc6 3. Nc3 g6 4. d4 cxd4 5. Nxd4 Bg7 6. Be3 Nf6 7. Bc4 Qa5 8. 0-0 0-0 9. Nb3 Qc7 10. f4 d6 11. Be2 b6 12. Nd5 Nxd5 13. exd5 Na5 14. Nxa5 bxa5 15. c3 Rb8 16. Rb1 a4 17. Bd4 Bxd4+ 18. Qxd4 Bf5 19. Bd3 Bxd3 20. Qxd3 Qc5+ 21. Kh1 Rfc8 22. f5 Rb5 23. fxg6 hxg6 24. Rbe1 Qxd5 25. Qxd5 Rxd5 26. Rxe7 Rd2 27. Rexf7 Rxb2 28. R7f6 Kg7 29. Rf7+ Kh6 30. h4 Rxc3 31. Rxa7 Rc4 32. Ra6 Rxh4+ 33. Kg1 Rd4 34. a3 Rdd2 35. Kh2 Rxg2+ 36. Kh3 Rgd2 37. Rxa4 Rd3+ 38. Kg4 Rbb3 39. Rh1+ Kg7 40. Ra7+ Kf6 41. Rf1+ Ke5 42. Ra5+ d5 43. Re1+ Kd4 44. a4 Kc3 45. Re5 d4 46. Ra6 Kd2 47. Rd5 Rb4 48. a5 Ra3 49. Rxg6 0-1

[Event "POL-chT 2nd League"]
[Site "Wysowa"]
[Date "2003.09.07"]
[Round "3"]
[White "Maslowski, Jakub"]
[Black "Fabrowski, Janusz"]
[Result "1/2-1/2"]
[WhiteElo "2146"]
[BlackElo "2178"]
[PlyCount "69"]
[EventDate "2003.09.06"]
[EventType "team-swiss"]
[EventRounds "11"]
[EventCountry "POL"]
[SourceTitle "CBM 096 Extra"]
[Source "ChessBase"]
[SourceDate "2003.10.22"]
[SourceVersion "2"]
[SourceVersionDate "2003.10.20"]
[SourceQuality "1"]
[WhiteTeam "Koszalin Hetman Politechnika"]
[BlackTeam "Kielce Fart"]
[WhiteTeamCountry "POL"]
[BlackTeamCountry "POL"]

1. e4 c5 2. c3 e6 3. d4 d5 4. exd5 exd5 5. Bd3 Nf6 6. Nf3 Be7 7. dxc5 Bxc5 8. 0-0 0-0 9. Nbd2 a6 10. Nb3 Ba7 11. Bg5 Bg4 12. h3 Bh5 13. Bxf6 Qxf6 14. g4 Bg6 15. Bxg6 fxg6 16. Qxd5+ Kh8 17. Nbd2 Nc6 18. Rae1 Rad8 19. Qe6 Qf4 20. Re2 Qg3+ 21. Kh1 Qxh3+ 22. Nh2 Bb8 23. f4 Bxf4 24. Ref2 g5 25. Ne4 Rfe8 26. Nxg5 Rxe6 27. Nxh3 g5 28. Nxf4 gxf4 29. Rxf4 Re2 30. R4f2 Rdd2 31. Rxe2 Rxe2 32. Rb1 Ne5 33. Kg1 Kg7 34. a4 Kg6 35. b4 1/2-1/2

[Event "POL-chT 2nd League"]
[Site "Wysowa"]
[Date "2003.09.06"]
[Round "1"]
[White "Fabrowski, Janusz"]
[Black "Tyszkiewicz, Zbigniew"]
[Result "0-1"]
[WhiteElo "2178"]
[BlackElo "2175"]
[PlyCount "72"]
[EventDate "2003.09.06"]
[EventType "team-swiss"]
[EventRounds "11"]
[EventCountry "POL"]
[SourceTitle "CBM 096 Extra"]
[Source "ChessBase"]
[SourceDate "2003.10.22"]
[SourceVersion "2"]
[SourceVersionDate "2003.10.20"]
[SourceQuality "1"]
[WhiteTeam "Kielce Fart"]
[BlackTeam "Pultusk Nadnarwianka"]
[WhiteTeamCountry "POL"]
[BlackTeamCountry "POL"]

1. e4 c5 2. Nf3 e6 3. d4 cxd4 4. Nxd4 Nf6 5. Nc3 d6 6. Be3 a6 7. Bd3 b5 8. 0-0 Bb7 9. Qe1 Nbd7 10. Rd1 Be7 11. Kh1 Qc7 12. f4 b4 13. Na4 Qa5 14. b3 Nxe4 15. a3 d5 16. Nf3 Bc6 17. Bxe4 dxe4 18. Ng5 h6 19. axb4 Qxb4 20. Qxb4 Bxb4 21. Rd4 hxg5 22. Rxb4 a5 23. Rd4 gxf4 24. Bd2 e5 25. Rd6 Bxa4 26. bxa4 Ke7 27. Rd5 Ke6 28. Rb5 Rhc8 29. Rc1 Rc5 30. c4 e3 31. Be1 Rac8 32. Rxa5 Rxc4 33. Ra6+ Kf5 34. Rxc4 Rxc4 35. Kg1 e4 36. h3 f3 0-1

[Event "POL-chT 58th 2nd League"]
[Site "Wisla"]
[Date "2002.??.??"]
[Round "?"]
[White "Fabrowski, Janusz"]
[Black "Jurek, Pawel"]
[Result "0-1"]
[WhiteElo "2208"]
[BlackElo "2213"]
[PlyCount "41"]
[EventDate "2002.08.30"]
[EventType "team-swiss"]
[EventRounds "11"]
[EventCountry "POL"]
[SourceTitle "EXT 2019"]
[Source "ChessBase"]
[SourceDate "2018.10.10"]
[SourceVersion "1"]
[SourceVersionDate "2018.10.10"]
[SourceQuality "1"]

1. e4 c5 2. Nf3 d6 3. d4 cxd4 4. Nxd4 Nf6 5. Nc3 a6 6. Bg5 e6 7. f4 b5 8. e5 dxe5 9. fxe5 Qc7 10. Qe2 Nfd7 11. 0-0-0 Bb4 12. Ne4 Qxe5 13. Nf3 Qc7 14. a3 Bf8 15. Qd2 f6 16. Bh4 Nc6 17. Be2 Be7 18. Bg3 e5 19. Nh4 0-0 20. Nf5 Nb6 21. Qd7 0-1

[Event "POL-chT 58th 2nd League"]
[Site "Wisla"]
[Date "2002.??.??"]
[Round "?"]
[White "Kolago, Marcin"]
[Black "Fabrowski, Janusz"]
[Result "1-0"]
[WhiteElo "2301"]
[BlackElo "2208"]
[PlyCount "40"]
[EventDate "2002.08.30"]
[EventType "team-swiss"]
[EventRounds "11"]
[EventCountry "POL"]
[SourceTitle "EXT 2019"]
[Source "ChessBase"]
[SourceDate "2018.10.10"]
[SourceVersion "1"]
[SourceVersionDate "2018.10.10"]
[SourceQuality "1"]

1. e4 c5 2. Nf3 Nc6 3. d4 cxd4 4. Nxd4 e5 5. Nb5 Nf6 6. N1c3 d6 7. a4 Be6 8. Bg5 Nb4 9. Na3 Rc8 10. Bb5+ Bd7 11. 0-0 Be7 12. Bxf6 gxf6 13. Qg4 Bxb5 14. axb5 Kf8 15. Rfd1 a6 16. Qe2 Qc7 17. bxa6 bxa6 18. Nd5 Nxd5 19. Rxd5 Qb7 20. Nc4 f5 1-0